<?xml version="1.0" encoding="UTF-8"?>
<record
    xmlns:xsi="http://www.w3.org/2001/XMLSchema-instance"
    xsi:schemaLocation="http://www.loc.gov/MARC21/slim http://www.loc.gov/standards/marcxml/schema/MARC21slim.xsd"
    xmlns="http://www.loc.gov/MARC21/slim">

  <leader>01407nam a22002537aa4500</leader>
  <datafield tag="952" ind1=" " ind2=" ">
    <subfield code="0">0</subfield>
    <subfield code="1">0</subfield>
    <subfield code="2">lcc</subfield>
    <subfield code="4">0</subfield>
    <subfield code="7">0</subfield>
    <subfield code="a">03</subfield>
    <subfield code="b">03</subfield>
    <subfield code="d">2019-02-26</subfield>
    <subfield code="l">2</subfield>
    <subfield code="o">HF5549.17 P67 2014</subfield>
    <subfield code="p">25 000001</subfield>
    <subfield code="r">2023-09-26</subfield>
    <subfield code="s">2019-07-22</subfield>
    <subfield code="t">1</subfield>
    <subfield code="w">2019-02-26</subfield>
    <subfield code="y">LB</subfield>
  </datafield>
  <datafield tag="952" ind1=" " ind2=" ">
    <subfield code="0">0</subfield>
    <subfield code="1">0</subfield>
    <subfield code="2">lcc</subfield>
    <subfield code="4">0</subfield>
    <subfield code="7">0</subfield>
    <subfield code="a">03</subfield>
    <subfield code="b">03</subfield>
    <subfield code="d">2019-02-26</subfield>
    <subfield code="l">2</subfield>
    <subfield code="o">HF5549.17 P67 2014</subfield>
    <subfield code="p">25 000002</subfield>
    <subfield code="r">2023-09-26</subfield>
    <subfield code="s">2019-07-22</subfield>
    <subfield code="t">2</subfield>
    <subfield code="w">2019-02-26</subfield>
    <subfield code="y">LB</subfield>
  </datafield>
  <datafield tag="952" ind1=" " ind2=" ">
    <subfield code="0">0</subfield>
    <subfield code="1">0</subfield>
    <subfield code="2">lcc</subfield>
    <subfield code="4">0</subfield>
    <subfield code="7">0</subfield>
    <subfield code="a">03</subfield>
    <subfield code="b">03</subfield>
    <subfield code="d">2019-02-26</subfield>
    <subfield code="l">0</subfield>
    <subfield code="o">HF5549.17 P67 2014</subfield>
    <subfield code="p">25 000003</subfield>
    <subfield code="r">2023-09-26</subfield>
    <subfield code="t">3</subfield>
    <subfield code="w">2019-02-26</subfield>
    <subfield code="y">LB</subfield>
  </datafield>
  <datafield tag="999" ind1=" " ind2=" ">
    <subfield code="c">103850</subfield>
    <subfield code="d">103850</subfield>
  </datafield>
  <controlfield tag="005">20231102152104.0</controlfield>
  <controlfield tag="008">171009s2010    sp            001 0 spa d</controlfield>
  <datafield tag="020" ind1=" " ind2=" ">
    <subfield code="a">9788415986492</subfield>
  </datafield>
  <datafield tag="050" ind1=" " ind2="4">
    <subfield code="a">HF5549.17</subfield>
    <subfield code="b">P67 2014</subfield>
  </datafield>
  <datafield tag="100" ind1="1" ind2=" ">
    <subfield code="a">Porret Gelabert, Miquel</subfield>
    <subfield code="e"> , autor</subfield>
  </datafield>
  <datafield tag="245" ind1="1" ind2="0">
    <subfield code="a">Gesti&#xF3;n de personas</subfield>
    <subfield code="b"> : manual para la gesti&#xF3;n del capital humano en las organizaciones </subfield>
    <subfield code="c"> / Miquel Porret Gelabert</subfield>
  </datafield>
  <datafield tag="250" ind1=" " ind2=" ">
    <subfield code="a">6a. edici&#xF3;n </subfield>
  </datafield>
  <datafield tag="260" ind1=" " ind2=" ">
    <subfield code="a">Madrid, Espa&#xF1;a</subfield>
    <subfield code="b"> : ESIC</subfield>
    <subfield code="c"> , 2010</subfield>
  </datafield>
  <datafield tag="300" ind1=" " ind2=" ">
    <subfield code="a">611 p&#xE1;ginas</subfield>
  </datafield>
  <datafield tag="490" ind1="0" ind2=" ">
    <subfield code="a">Libros Profesionales de Empresa</subfield>
  </datafield>
  <datafield tag="504" ind1=" " ind2=" ">
    <subfield code="a">Bibliograf&#xED;a: pp. 595-611</subfield>
  </datafield>
  <datafield tag="505" ind1="0" ind2=" ">
    <subfield code="a">La organizaci&#xF3;n y las personas
Los grupos y la motivaci&#xF3;n
El liderazgo
Reclutamiento y selecci&#xF3;n
La formaci&#xF3;n
La valoraci&#xF3;n del personal y valoraci&#xF3;n de las tareas
La retribuci&#xF3;n
La competitividad del factor humano
La adaptabilidad del factor humano
El comportamiento organizacional
El conflicto organizacional y la comunicaci&#xF3;n
Prevenci&#xF3;n control y visi&#xF3;n social de las organizaciones</subfield>
  </datafield>
  <datafield tag="519" ind1=" " ind2=" ">
    <subfield code="a">Educaci&#xF3;n Mixta / </subfield>
    <subfield code="b">Administraci&#xF3;n / </subfield>
    <subfield code="c">Administraci&#xF3;n del Talento Humano (010501B14) / </subfield>
    <subfield code="d">(25 000001)</subfield>
  </datafield>
  <datafield tag="519" ind1=" " ind2=" ">
    <subfield code="a">Educaci&#xF3;n Mixta / </subfield>
    <subfield code="b">Contabilidad / </subfield>
    <subfield code="c">Administraci&#xF3;n del Talento Humano (010501B14) / </subfield>
    <subfield code="d">(25 000002) </subfield>
  </datafield>
  <datafield tag="519" ind1=" " ind2=" ">
    <subfield code="a">Material Complementario / </subfield>
    <subfield code="d">(25 000003) </subfield>
  </datafield>
  <datafield tag="650" ind1=" " ind2="4">
    <subfield code="a">ADMINISTRACI&#xD3;N DE PERSONAL</subfield>
  </datafield>
  <datafield tag="650" ind1=" " ind2="4">
    <subfield code="a">CAPITAL HUMANO</subfield>
    <subfield code="x">ADMINISTRACI&#xD3;N</subfield>
  </datafield>
  <datafield tag="942" ind1=" " ind2=" ">
    <subfield code="c">LB</subfield>
  </datafield>
</record>
